| 000 | 00615nam a2200193 4500 | ||
|---|---|---|---|
| 005 | 20260424115109.0 | ||
| 008 | 260424b |||||||| |||| 00| 0 eng d | ||
| 020 |
_a9780199284672 _qpbk |
||
| 041 | _aEng | ||
| 082 | _a361.65094 FER | ||
| 100 | _aFerrera,Maurizio. | ||
| 245 |
_aThe Boundaries of Welfare: European Integration and the New Spatial Politics of Social Protection. _c/by Maurizio Ferrera. |
||
| 250 | _a1st ed | ||
| 260 |
_aNew York: _bOxford University Press, _c2005. |
||
| 300 |
_axv,299p. _c;21 cm. |
||
| 650 | _aSocial problems and services | ||
| 650 | _aSocial Science. | ||
| 942 | _cENGLISH | ||
| 999 |
_c619698 _d619698 |
||